Theological Explorations in Myanmar: Issues and Perspectives (Record no. 20772)

MARC details
000 -LEADER
fixed length control field 00334nam a22001337a 4500
020 ## - INTERNATIONAL STANDARD BOOK NUMBER
ISBN 978-81-8465-612-1
082 ## - DEWEY DECIMAL CLASSIFICATION NUMBER
Classification number 230.09591 CHO
100 ## - MAIN ENTRY--AUTHOR NAME
Author name Cho, Kuang Kin
245 ## - TITLE STATEMENT
Title Theological Explorations in Myanmar: Issues and Perspectives
260 ## - PUBLICATION, DISTRIBUTION, ETC. (IMPRINT)
Place of publication Delhi
Name of publisher ISPCK
Year of publication 2017
300 ## - PHYSICAL DESCRIPTION
Number of Pages 66
650 ## - SUBJECT ADDED ENTRY--TOPICAL TERM
Topical Term Theology-Myanmar
942 ## - ADDED ENTRY ELEMENTS (KOHA)
Koha item type Books
Holdings
Home library Current library Shelving location Date acquired Source of acquisition Cost, normal purchase price Full call number Accession Number Koha item type
Henry Martyn Institute Library Henry Martyn Institute Library General stacks 11/07/2017 ISPCK Publishers 100.00 230.09591 CHO 25423 Books
Henry Martyn Institute Library Henry Martyn Institute Library General stacks 06/11/2020 ISPCK 100.00 230.09591 CHO 11004425 Books
Henry Martyn Institute Library Henry Martyn Institute Library General stacks 06/11/2020 ISPCK 100.00 230.09591 CHO 11004426 Books
                   Copyright © 2026 | Henry Martyn Institute | Hyderabad | TS-500052 | INDIA | Implemented by hmi.edu.in
Hit-Count:

Powered by Koha